000 00275nam a22001217a 4500
082 _a954 MAT
100 _aMathew K.S
245 _aMartine Trade of the Malabar Coast
260 _aDelhi
_bManohar Publishers
_c2016
300 _a432
650 _aHistory India
942 _cBK
999 _c19998
_d19998